| 000 | 00508nam a2200169 i 4500 | ||
|---|---|---|---|
| 001 | 102404 | ||
| 003 | ES-MaACL | ||
| 005 | 20230906183113.0 | ||
| 007 | t| | ||
| 008 | 051110s1929 it ||||1| ita d | ||
| 100 | 1 |
_aMensio, Carlo. _980381 |
|
| 245 | 1 | 2 |
_aI mosti concentrati _b: materia prima, composizione chÃmica e loro uso razionale in enologia / _cC. Mensio. |
| 260 |
_aMilano : _bMiglietta, _c1929. |
||
| 300 |
_a39 p. ; _c19 cm. |
||
| 650 | 4 |
_aVinificación. _9156738 |
|
| 852 |
_aES-MaACL _jB-8156 |
||
| 999 |
_c102404 _d102404 |
||